01744nam a2200325Ii 4500001001200000003000800012006001900020007001500039008004100054020001500095020001900110035002100129040002600150050001700176245013100193264004000324300004200364336002600406337002600432338003600458490003700494504004100531505062900572650001201201655002201213700003401235700003301269830004401302856007201346DIGBIN02212NyNyDIGm o d cr |||||||||||121101s2007 sp ob 000 0 spa d z8497426428 z9788497426428  a(OCoLC)888256789 aDGITAbengepncDGITA14aJZ5581 eBook00aÉtica de la paz :bvalor, ideal y derecho humano /cGraciano González R. Arnaiz, ed. ; Jesús Conill Sancho ... [et al.]. 1aMadrid :bBiblioteca Nueva,cc2007. a1 online resource (227 pages) :bill. atextbtxt2rdacontent acomputerbc2rdamedia aonline resourcebcr2rdacarrier1 aEnsayo / Biblioteca Nueva ;v12. aIncludes bibliographical references.0 a1. La invención de la paz: de Kant a Ortega y Gasset / Jesús Conill Sancho -- 2. Las condiciones de la paz / José Miguel Marinas -- 3. La paz, alternativa a la violencia / Luis G Soto -- 4. La paz como desarrollo humano / Emilio Martínez Navarro -- 5. Ética de la paz. Una lectura moral del derecho de paz / Graciano González R Arnaiz -- 6. La paz: ¿derecho, valor o instrumento? / Rafael Junquera de Estéfania -- 7. ¿Es necesaria la religión para construir la paz mundial? / E Javier de la Torre Díaz -- 8. Trabajar la educación para la paz en la escuela: una guía de recursos / Pedro Sáez Ortega 0aPeace.  0aElectronic books.1 aGonzalez R. Arnaiz, Graciano,1 aConill Sancho, Jesus,d1952- 0aEnsayo (Biblioteca Nueva (Firm)) ;v12.403Digitalia Hispánicauhttps://www.digitaliapublishing.com/a/17443/